Del olvido a la memoria : mujeres peruanas 1860-1930 : historia gráfica /

Galería de fotografías de mujeres que sobresalieron en el limitado espacio público peruano del siglo XIX y de algunas otras que representan la transición hacia el XX.

I tiakina i:
Ngā taipitopito rārangi puna kōrero
Kaituhi matua: Elmore, Nancy (ed.)
Hōputu: Pukapuka
Reo:Pāniora
I whakaputaina: Lima, Perú : Biblioteca Nacional del Perú : Movimiento Manuela Ramos, copyright fecha no identificada
Ngā marau:
Ngā Tūtohu: Tāpirihia he Tūtohu
Kāore He Tūtohu, Me noho koe te mea tuatahi ki te tūtohu i tēnei pūkete!

MARC

LEADER 00000nam^a2200000^a^4500
001 000173454
005 20250521000000.0
009 20260310101455.193
020 |a 9972-763-22-6 
037 |a Acervo ITESO - Biblioteca 
041 |a ESP 
082 |a 305. 42098506  |b ELM 
100 |a Elmore, Nancy  |e (ed.) 
245 1 0 |a Del olvido a la memoria :  |b mujeres peruanas 1860-1930 : historia gráfica /  |c Ed. de N. Elmore ; presen. de Sinesio López Jiménez, Ana María Yáñez. 
264 4 |a Lima, Perú :  |b Biblioteca Nacional del Perú :  |b Movimiento Manuela Ramos,  |c copyright fecha no identificada 
300 |a 1 v. (sin paginación) 
336 |a texto  |b txt  |2 rdacontenido 
337 |a sin mediación  |b n  |2 rdamedio 
338 |a volumen  |b nc  |2 rdasoporte 
520 |a Galería de fotografías de mujeres que sobresalieron en el limitado espacio público peruano del siglo XIX y de algunas otras que representan la transición hacia el XX. 
649 |a XX 
650 |a Mujeres Peruanas -  |x Fotografías 
650 |a Prácticas Culturales -  |z Perú -  |x Historia -  |y Siglo XIX 
650 |a Vida Cotidiana -  |z Perú -  |x Historia -  |y Siglo XIX 
650 |a Zonas Urbanas -  |z Perú -  |x Historia -  |y Siglo XIX 
650 |a Perú -  |x Historia -  |y Siglo XIX 
650 |a Fotografía Peruana -  |y Siglo XIX 
650 |a Arte Peruano -  |y Siglo XIX 
910 |a Fondo General 
920 |a Impresos - Libros 
930 |a Reserva Especial 
905 |a 103 
901 |a 0500110928  |b IT1  |c REE  |u 20250521 
902 |a https://opac.biblio.iteso.mx/vufind/Record/000173454